000 00366nam a2200133Ia 4500
008 151001s9999||||xx |||||||||||||| ||und||
100 _aसुधाकर रामकृष्ण
245 _aजीन्स और जीवन
250 _a1
260 _bविज्ञान भारती
260 _c2009
300 _a88
365 _b21
999 _c994325
_d994322